| 000 | 00397nam a2200169Ia 4500 | ||
|---|---|---|---|
| 005 | 20250423095806.0 | ||
| 008 | 250422s9999 xx 000 0 und d | ||
| 020 | _a978-0-205-00806-3 | ||
| 050 | _aJF 1351 .S448/ | ||
| 100 | _aShafritz, Jan M. | ||
| 245 | 0 | _aIntroducing public administration | |
| 250 | _a7th ed. | ||
| 260 | _bLongman | ||
| 260 | _c2011 | ||
| 300 | _a568 p | ||
| 942 | _cBK | ||
| 999 |
_c31345 _d31345 |
||